| 000 | 00496nam a2200169 i 4500 | ||
|---|---|---|---|
| 001 | 43769 | ||
| 003 | ES-MaACL | ||
| 005 | 20230906160855.0 | ||
| 007 | t| | ||
| 008 | 030318s1900 it ||||1| ita d | ||
| 100 | 1 |
_aCervi, Giulio. _937658 |
|
| 245 | 1 | 0 |
_aRevoca dei diritti reali / _cGiulio Cervi. |
| 260 |
_aMilano : _bSocietáa Editrice Libraria, _c1900. |
||
| 300 |
_a49 p. ; _c21 cm. |
||
| 500 | _aEn port.: Estratto dalla Enciclopedia Giuridica Italiana. | ||
| 852 |
_aES-MaACL _jT-1467-F-5 |
||
| 999 |
_c43769 _d43769 |
||